[Event "ESP-ch U10"]
[Site "Salobrena"]
[Date "2023.07.03"]
[Round "1"]
[White "Perez Ruiz, Diego"]
[Black "Garcia Nunez, Helena"]
[Result "1/2-1/2"]
[WhiteElo "1210"]
[BlackElo "1007"]
[PlyCount "92"]
[EventDate "2023.07.03"]
[EventType "swiss"]
[EventRounds "9"]
[EventCountry "ESP"]
[SourceTitle "EXT 2024"]
[Source "ChessBase"]
[SourceDate "2023.10.10"]
[SourceVersion "1"]
[SourceVersionDate "2023.10.10"]
[SourceQuality "1"]

1. e4 c5 2. Nf3 g6 3. d4 cxd4 4. Nxd4 Bg7 5. Be3 Nf6 6. Nc3 0-0 7. Bc4 d6 8. f3 Bd7 9. Qd2 Re8 10. 0-0-0 a6 11. Kb1 b5 12. Bb3 b4 13. Nd5 a5 14. Nxf6+ Bxf6 15. Ne2 Nc6 16. f4 Bg4 17. Bd5 Bxe2 18. Qxe2 Qc7 19. Qb5 Rec8 20. Bxc6 Qxc6 21. Qxc6 Rxc6 22. Bd4 Bxd4 23. Rxd4 Rac8 24. Rc1 e5 25. fxe5 dxe5 26. Rd5 Rc5 27. Rcd1 Rxc2 28. Rd8+ Kg7 29. Rxc8 Rxc8 30. Rd5 a4 31. Rxe5 b3 32. axb3 axb3 33. Rb5 Rc2 34. Rxb3 Rxg2 35. Rh3 Rg4 36. Re3 Rh4 37. Re2 Kf6 38. b4 Ke6 39. Kc2 Kd6 40. Kb3 Kc7 41. Ka4 Kb6 42. Kb3 Kb5 43. Kc3 Kb6 44. Kb3 Kb5 45. Kc3 Kb6 46. Kb3 Kb5 1/2-1/2